Obras escogidas
Uloženo v:
| Hlavní autor: | |
|---|---|
| Médium: | Kniha |
| Jazyk: | španělština |
| Vydáno: |
Madrid
Visor
1991
|
| Edice: | Colección aprendizaje, 74-94-115-122
|
| Témata: | |
| Tagy: |
Přidat tag
Žádné tagy, Buďte první, kdo vytvoří štítek k tomuto záznamu!
|
MARC
| LEADER | 00000nam a2200000 a 4500 | ||
|---|---|---|---|
| 001 | UCY5462 | ||
| 003 | CL-VaPUC | ||
| 008 | 950508e19910000SP |||||||||||||||||spa|d | ||
| 082 | 0 | 4 | |a 150 |b VYG |2 21 |
| 100 | 0 | |a Vygotski, Lev Semiónovich |e author |9 312943 | |
| 245 | 1 | 0 | |a Obras escogidas |
| 300 | |a 4 v | ||
| 942 | |c BK | ||
| 945 | |d 19950508 00:00:00 |a rbrito | ||
| 260 | |a Madrid |b Visor |c 1991 | ||
| 500 | |a v.1: Problemas teóricos y metodológicos de la Psicología | ||
| 500 | |a v.2: Problemas de psicología general | ||
| 500 | |a v.3: Problemas del desarrollo de la psique | ||
| 500 | |a v.4: Psicología infantil | ||
| 650 | 0 | |a Percepción |9 266750 | |
| 650 | 0 | |a Memoria |9 266549 | |
| 650 | 0 | |a Pensamiento |9 307612 | |
| 650 | 0 | |a Psicología del niño |9 307305 | |
| 583 | |a last modification |c 20130106 11:37:41 |k Rodrigo Vera | ||
| 490 | 0 | |a Colección aprendizaje, 74-94-115-122 | |
| 999 | |c 233121 |d 233119 | ||
| 952 | |0 0 |1 0 |4 0 |6 150_000000000000000_VYG_1991 |7 0 |8 A |9 238316 |a BIBEDU |b BIBEDU |d 2019-11-18 |h v.2 |i 3082644 |l 2 |o 150 VYG 1991 |p 3082644 |r 2025-04-16 |s 2025-03-20 |w 2019-11-18 |y BK |k PSI | ||
| 952 | |0 0 |1 0 |4 0 |6 150_000000000000000_VYG_1991 |7 0 |8 A |9 238317 |a FDOPOS |b FDOPOS |d 2019-11-18 |h v.2 |i 3084523 |o 150 VYG 1991 |p 3084523 |r 2025-01-22 |w 2019-11-18 |y BK |k MLA | ||
| 952 | |0 0 |1 0 |4 0 |6 150_000000000000000_VYG_1991 |7 0 |8 A |9 238318 |a FDOPOS |b FDOPOS |d 2019-11-18 |h v.1 |i 3088596 |o 150 VYG 1991 |p 3088596 |r 2025-01-22 |w 2019-11-18 |y BK |k MLA | ||
| 952 | |0 0 |1 0 |4 0 |6 150_000000000000000_VYG_1991 |7 0 |8 A |9 238319 |a BIBEDU |b BIBEDU |d 2019-11-18 |h v.1 |i 3095878 |l 1 |o 150 VYG 1991 |p 3095878 |r 2023-06-07 |s 2023-05-24 |w 2019-11-18 |y BK |k PSI | ||
| 952 | |0 0 |1 0 |4 0 |6 150_000000000000000_VYG_1991 |7 0 |8 A |9 238321 |a BIBEDU |b BIBEDU |d 2019-11-18 |h v.2 |i 3404900 |o 150 VYG 1991 |p 3404900 |r 2019-11-18 |w 2019-11-18 |y BK |k EPE | ||
| 952 | |0 0 |1 0 |4 0 |6 150_000000000000000_VYG_1991 |7 0 |8 A |9 238322 |a BIBEDU |b BIBEDU |d 2019-11-18 |h v.1 |i 3300781 |o 150 VYG 1991 |p 3300781 |r 2019-11-18 |w 2019-11-18 |y BK |k PSI | ||
| 952 | |0 0 |1 0 |4 0 |6 150_000000000000000_VYG_1991 |7 0 |8 A |9 238323 |a FDOPOS |b FDOPOS |d 2019-11-18 |h v.3 |i 3228509 |o 150 VYG 1991 |p 3228509 |r 2025-01-22 |w 2019-11-18 |y BK |k MLA | ||
| 952 | |0 0 |1 0 |4 0 |6 150_000000000000000_VYG_1991 |7 0 |8 A |9 238324 |a BIBEDU |b BIBEDU |d 2019-11-18 |h v.3 |i 3494810 |l 1 |o 150 VYG 1991 |p 3494810 |r 2025-04-16 |s 2025-03-20 |w 2019-11-18 |y BK |k BME | ||
| 952 | |0 0 |1 0 |4 0 |6 150_000000000000000_VYG_1991 |7 0 |8 A |9 238325 |a BIBEDU |b BIBEDU |d 2019-11-18 |h v.4 |i 3495442 |o 150 VYG 1991 |p 3495442 |r 2019-11-18 |w 2019-11-18 |y BK |k BME | ||
| 952 | |0 0 |1 0 |4 0 |6 150_000000000000000_VYG_1991 |7 0 |8 A |9 238326 |a FDOPOS |b FDOPOS |d 2019-11-18 |h v.4 |i 3695581 |o 150 VYG 1991 |p 3695581 |r 2025-01-22 |w 2019-11-18 |y BK |k MLA | ||